000 00497nam a22001937a 4500
003 LK-CoDNM
005 20241230142950.0
008 241220b |||||||| |||| 00| 0 eng d
040 _aLK-CoDNM
_dLK-CoDNM
_eLK-CoDNM
041 _aeng
080 _a3
_bM5
100 _amigneaux jules m.
245 _aGenera des coleopteres d'europe
260 _aparis
_bchez a. devrolle , naturaliste
_c1868
300 _a295P. : ILL ; 23 cm
650 _ascience
650 _aanimals
942 _cBK
999 _c234397
_d234397